000 00926nam a2200229Ia 4500
003 OSt
005 20210419163717.0
008 210310s1983 ck gr 000 0 spa d
040 _aCO-JMCR
_cCO-JMCR
041 0 _aspa
082 0 4 _a343.052 /
_bR741r
_223
100 1 _aRojas Hurtado, Fernando,
_914959
_dautor
245 1 3 _aLa reforma tributaria 1982-1983 /
_cdocumento elaborado por Fernando Rojas Hurtado
260 _aBogotá :
_bANIF,
_cimpresión 1983
300 _b171 páginas ;
_c23 cm.
490 0 _aDocumentos ANIF
500 _aIncluye notas a pie de página
505 0 _aEn cuanto al procedimiento adoptado: de la discusión previa a la discusión posterior -- Los instrumentos de la reforma -- La reforma de los impuestos departamentales y municipales
650 1 4 _aDerecho Tributario
_914961
_xLegislación
_zColombia
650 2 4 _aImpuesto Sobre la Renta
_xLegislación
_zColombia
_98424
942 _2ddc
_cBK
999 _c7619
_d7619